000 01142nam a2200229 i 4500
001 39654
003 ES-MaACL
005 20231221150401.0
007 t|
008 030303s1886 sp ||||1| spa d
100 1 _aCánovas del Castillo, Antonio,
_d1828-1897
_934600
245 1 0 _aDiscursos pronunciados en el Congreso por el Excmo. Sr. Don Antonio Cánovas del Castillo en los días 30 de noviembre, 1º y 15 de diciembre de 1886 [sobre cuestiones planteadas a la muerte de D. Alfonso XII] /
_cAntonio Cánovas de Castillo.
260 _aMadrid :
_b[s.n.],
_c1886 (
_fImp. de la Librería de Miguel Guijarro)
300 _a78 p. ;
_c22 cm.
530 _aDisponible en formato digital.
651 4 _aEspaña-
_xHistoria-
_y1885-1902, Regencia de Maria Cristina de Habsburgo.
_98270
710 1 _aEspaña.
_bCortes Generales.
_bCongreso.
_93671
852 _aES-MaACL
_jT-471-F-9
856 _uhttp://bdh-rd.bne.es/viewer.vm?id=0000110439&page=1
_zBiblioteca Digital Hispánica
856 _uhttp://www.bibliotecavirtualdeandalucia.es/catalogo/es/consulta/registro.do?id=8285
_zBiblioteca Virtual de Andalucía
999 _c39654
_d39654